Human nutrition : for b.sc. nursing students (Record no. 8571)
[ view plain ]
| 000 -LEADER | |
|---|---|
| fixed length control field | 00593nam a2200181 4500 |
| 020 ## - INTERNATIONAL STANDARD BOOK NUMBER | |
| ISBN | 9789395161954 |
| 050 ## - CALL NUMBER | |
| Classification number | QP 141 |
| Item number | .S3 |
| 100 ## - AUTHOR | |
| Personal name | B. Srilakshmi |
| 245 ## - TITLE | |
| Title | Human nutrition : for b.sc. nursing students |
| 250 ## - EDITION | |
| Edition statement | 3rd Edition |
| 260 ## - PUBLICATION INFORMATION | |
| Place of publication | New Dehli, India |
| Name of publisher | New Age International Publishers |
| Year of publication | 2024 |
| 300 ## - DESCRIPTION | |
| Number of Pages | viii, 315 |
| 500 ## - NOTES | |
| General note | Includes Appendices, References and Index |
| 505 ## - FORMATTED CONTENTS NOTE | |
| Table of Content | Section I - Food Science<br/>Section II - Human Nutrition<br/>Section III Dietetics<br/> |
| 650 ## - SUBJECTS | |
| Topical Term | Nutrition Nutritional Physiological Phenomena |
| 942 ## - ADDED ENTRY ELEMENTS (KOHA) | |
| Koha item type | Books |
| Withdrawn status | Lost status | Collection code | Home library | Current library | Shelving location | Date acquired | Source of acquisition | Full call number | Accession Number | Koha item type |
|---|---|---|---|---|---|---|---|---|---|---|
| Reference | Methodist University Library Main | Methodist University Library Main | General Stacks | 01/04/2026 | Purchased | QP 141 .S3 | 9247 | Books | ||
| Reference | Methodist University Library Main | Methodist University Library Main | General Stacks | 01/04/2026 | Purchased | QP 141 .S3 | 9248 | Books |